Gaveston / (Record no. 233757)

000 -LEADER
fixed length control field 01046cam a2200313 a 4500
001 - CONTROL NUMBER
control field 12982588
003 - CONTROL NUMBER IDENTIFIER
control field Nust
005 - DATE AND TIME OF LATEST TRANSACTION
control field 20170311122327.0
008 - FIXED-LENGTH DATA ELEMENTS--GENERAL INFORMATION
fixed length control field 011115s2002 enk 000 1 eng
010 ## - LIBRARY OF CONGRESS CONTROL NUMBER
LC control number 2002491728
020 ## - INTERNATIONAL STANDARD BOOK NUMBER
International Standard Book Number 9780571210558
035 ## - SYSTEM CONTROL NUMBER
System control number (UkLWHE)b000142001
040 ## - CATALOGING SOURCE
Original cataloging agency DLC
Transcribing agency DLC
Modifying agency DLC
043 ## - GEOGRAPHIC AREA CODE
Geographic area code e-uk-en
050 00 - LIBRARY OF CONGRESS CALL NUMBER
Classification number PR6113.E77
Item number G38 2002
082 00 - DEWEY DECIMAL CLASSIFICATION NUMBER
Classification number 823.92
Author Mark MER
100 1# - MAIN ENTRY--PERSONAL NAME
Personal name Merritt, Stephanie,
Dates associated with a name 1974-
245 10 - TITLE STATEMENT
Title Gaveston /
Statement of responsibility, etc. Stephanie Merritt.
260 ## - PUBLICATION, DISTRIBUTION, ETC.
Place of publication, distribution, etc. London :
Name of publisher, distributor, etc. Faber and Faber,
Date of publication, distribution, etc. 2002.
300 ## - PHYSICAL DESCRIPTION
Extent 386 p. ;
Dimensions 22 cm.
650 #0 - SUBJECT ADDED ENTRY--TOPICAL TERM
Topical term or geographic name entry element Women historians
Form subdivision Fiction.
650 #0 - SUBJECT ADDED ENTRY--TOPICAL TERM
Topical term or geographic name entry element Media consultants
Form subdivision Fiction.
650 #0 - SUBJECT ADDED ENTRY--TOPICAL TERM
Topical term or geographic name entry element College teachers
Form subdivision Fiction.
650 #0 - SUBJECT ADDED ENTRY--TOPICAL TERM
Topical term or geographic name entry element Mass media
Form subdivision Fiction.
651 #0 - SUBJECT ADDED ENTRY--GEOGRAPHIC NAME
Geographic name London (England)
Form subdivision Fiction.
655 #7 - INDEX TERM--GENRE/FORM
Genre/form data or focus term Love stories.
Source of term gsafd
906 ## - LOCAL DATA ELEMENT F, LDF (RLIN)
a 7
b cbc
c origres
d 3
e ncip
f 20
g y-gencatlg
942 ## - ADDED ENTRY ELEMENTS (KOHA)
Source of classification or shelving scheme
Koha item type Book
Holdings
Withdrawn status Lost status Source of classification or shelving scheme Damaged status Not for loan Collection code Permanent Location Current Location Shelving location Date acquired Total Checkouts Full call number Barcode Date last seen Copy number Price effective from Koha item type
            Central Library (CL) Central Library (CL) Fiction 03/11/2017   823.92 MER CL436 03/11/2017 1 03/11/2017 Book
© 2023 Central Library, National University of Sciences and Technology. All Rights Reserved.